The Importance of Agriculture and Rural Areas for the Future in the European Union: An Exploration of Public Opinion
V posledných rokoch došlo k významnej transformácii spoločnej poľnohospodárskej politiky (SPP) Európskej únie. Ťažisko intervencií sa presunulo z výroby smerom k rozvoju vidieka, pričom sa uznáva úloha poľnohospodárov. Hoci postoje poľnohospodárov k SPP sa už dlho skúmali, málo pozornosti sa venoval...
Salvato in:
| Autore principale: | |
|---|---|
| Altri autori: | |
| Natura: | Capitolo di libro |
| Lingua: | inglese |
| Soggetti: | |
| Tags: |
Nessun Tag, puoi essere il primo ad aggiungerne!!
|
MARC
| LEADER | 00000naa a2200000 4500 | ||
|---|---|---|---|
| 001 | 0297253 | ||
| 005 | 20231124105529.3 | ||
| 041 | 0 | |a eng | |
| 044 | |a CZ | ||
| 245 | 1 | 0 | |a The Importance of Agriculture and Rural Areas for the Future in the European Union: An Exploration of Public Opinion |c Mercedes Rodríguez, José Antonio Camacho |
| 520 | |a V posledných rokoch došlo k významnej transformácii spoločnej poľnohospodárskej politiky (SPP) Európskej únie. Ťažisko intervencií sa presunulo z výroby smerom k rozvoju vidieka, pričom sa uznáva úloha poľnohospodárov. Hoci postoje poľnohospodárov k SPP sa už dlho skúmali, málo pozornosti sa venovalo názorom občanov. Pomocou údajov z "Special Eurobarometer 520: Europeans, Agriculture and the CAP" sme sa snažili poskytnúť jasnejšie pochopenie názorov občanov na budúcnosť poľnohospodárstva a vidieckych oblastí v Európskej únii. Hodnotili sme najmä rozdiely medzi vidiekom a mestom a skúmali rozdiely medzi krajinami, pričom sme venovali pozornosť dôležitosti rozvoja vidieka v plánovaných výdavkoch v rámci SPP 2023–2027. | ||
| 610 | 2 | 0 | |a poľnohospodárstvo |
| 610 | 2 | 0 | |a politika poľnohospodárska spoločná |
| 610 | 2 | 0 | |a vidiek |
| 610 | 2 | 0 | |a rozvoj vidieka |
| 610 | 2 | 0 | |a výdavky |
| 610 | 2 | 0 | |a prieskum |
| 610 | 2 | 0 | |a občania |
| 610 | 2 | 0 | |a Európska únia |
| 100 | 1 | |a Rodríguez, Mercedes | |
| 700 | 1 | |a Camacho, José Antonio | |